| 000 | 00354nam a2200133Ia 4500 | ||
|---|---|---|---|
| 005 | 20251222144837.0 | ||
| 008 | 251222s9999||||xx |||||||||||||| ||spa|| | ||
| 020 | _a9972-2710-3-X | ||
| 082 | _a922.22/B44S | ||
| 100 | _aBenito Rodríguez, José Antonio | ||
| 245 | 0 | _aSanto Toribio de Mogrovejo, Pasión por el Perú | |
| 264 | _bEpiconsa | ||
| 942 | _cLIB | ||
| 999 |
_c21095 _d21095 |
||